| 000 | 00669nam a22001937a 4500 | ||
|---|---|---|---|
| 999 |
_c526474 _d526474 |
||
| 003 | NUST | ||
| 005 | 20190712100748.0 | ||
| 008 | 190712b ||||| |||| 00| 0 eng d | ||
| 020 | _qHardcover. | ||
| 038 | _aMr. Zahoor | ||
| 082 | _a620.005 | ||
| 100 |
_aTahir, Muhammad Rohail _917482 |
||
| 245 |
_aThe Impact of Emotional Intelligence (E1) And Altruism on Turnover Intentions (T1), A Study On A Public Sector Organization / _cMuhammad Rohail Tahir |
||
| 260 |
_aIslamabad : _bCEME - NUST, _c2018. |
||
| 300 |
_axiii, 101 p. : ill. ; _c30cm. |
||
| 650 |
_aEngineering Managment - MS Thesis _916311 |
||
| 700 |
_aDr. Fahim Qaisar Jamal _917484 |
||
| 942 |
_2ddc _cTHE |
||